[Event "SRB-chT (Women) Div1"]
[Site "Senta"]
[Date "2023.10.18"]
[Round "9.3"]
[White "Grozdanovic, Anastasia"]
[Black "Mkrtchian, Lilit"]
[Result "1/2-1/2"]
[WhiteElo "1944"]
[BlackElo "2389"]
[PlyCount "58"]
[EventDate "2023.10.10"]
[EventType "team-tourn"]
[EventRounds "11"]
[EventCountry "SRB"]
[SourceTitle "Mega2024 Update 01"]
[Source "Chessbase"]
[SourceDate "2023.11.12"]
[SourceVersion "1"]
[SourceVersionDate "2023.11.12"]
[SourceQuality "1"]
[WhiteTeam "Kostolac Rudar (W)"]
[BlackTeam "Belgrade Crvena Zvezda (W)"]
[WhiteTeamCountry "SRB"]
[BlackTeamCountry "SRB"]

1. d4 e6 2. c4 f5 3. Nf3 Nf6 4. g3 d5 5. Bg2 c6 6. 0-0 Bd6 7. b3 Qe7 8. a4 a5 9. Ba3 Bxa3 10. Nxa3 0-0 11. Nc2 b6 12. Nce1 Bb7 13. Ne5 Na6 14. N1d3 c5 15. dxc5 bxc5 16. cxd5 exd5 17. Rc1 Ne4 18. Nf3 Rac8 19. Nf4 Nb4 20. h4 Rfd8 21. e3 Ba6 22. Re1 Qf6 23. Bf1 Qb2 24. Be2 Rc6 25. Rb1 Qf6 26. Bxa6 Rxa6 27. Rc1 Rb6 28. Ng5 Qe7 29. Nxe4 fxe4 1/2-1/2

[Event "SRB-chT (Women) Div1"]
[Site "Senta"]
[Date "2023.10.16"]
[Round "7.2"]
[White "Mkrtchian, Lilit"]
[Black "Rakic, Marija"]
[Result "1-0"]
[WhiteElo "2389"]
[BlackElo "2299"]
[PlyCount "131"]
[EventDate "2023.10.10"]
[EventType "team-tourn"]
[EventRounds "11"]
[EventCountry "SRB"]
[SourceTitle "Mega2024 Update 01"]
[Source "Chessbase"]
[SourceDate "2023.11.12"]
[SourceVersion "1"]
[SourceVersionDate "2023.11.12"]
[SourceQuality "1"]
[WhiteTeam "Belgrade Crvena Zvezda (W)"]
[BlackTeam "Goracici Jelica (W)"]
[WhiteTeamCountry "SRB"]
[BlackTeamCountry "SRB"]

1. Nf3 Nf6 2. d4 g6 3. g3 Bg7 4. Bg2 0-0 5. 0-0 d6 6. b3 c5 7. c4 Nc6 8. Bb2 Bg4 9. d5 Na5 10. Bc3 b6 11. h3 Bd7 12. Qc2 b5 13. Nbd2 Nb7 14. e4 b4 15. Bb2 a5 16. a4 bxa3 17. Rxa3 Qb6 18. Bc3 Ne8 19. e5 Nc7 20. Ne4 Bf5 21. Re1 Bxe4 22. Rxe4 e6 23. dxe6 Nxe6 24. Re1 Rab8 25. Qb2 Rfd8 26. h4 Rd7 27. Bh3 d5 28. cxd5 Rxd5 29. Bf1 Rbd8 30. Bc4 Rd1 31. Ra1 Rxa1 32. Qxa1 Bh6 33. Qb2 Qc6 34. Qe2 Qd7 35. Nh2 Kh8 36. Ng4 Bg7 37. Nf6 Nd4 38. Nxd7 Nxe2+ 39. Rxe2 Rxd7 40. f4 h5 41. Rd2 Re7 42. Kf2 Kh7 43. Kf3 Rc7 44. Ke2 Bf8 45. Kd1 Kg8 46. Kc2 Be7 47. e6 fxe6 48. Bxe6+ Kf8 49. Rd7 Bd6 50. Rxc7 Bxc7 51. Kd3 Ke7 52. Bd5 Nd6 53. Be5 Bb8 54. Ke2 Bc7 55. Kf3 Bb8 56. g4 hxg4+ 57. Kxg4 Bc7 58. Bc3 Nf7 59. Bg7 Nd6 60. Kg5 Nf5 61. Bf6+ Kd6 62. Bf7 Ne7 63. Bxg6 Nxg6 64. Kxg6 c4 65. bxc4 a4 66. h5 1-0

[Event "EU-Cup (Women) 27th"]
[Site "Durres"]
[Date "2023.10.06"]
[Round "6.2"]
[White "Mkrtchian, Lilit"]
[Black "Eric, Jovana"]
[Result "1-0"]
[WhiteElo "2389"]
[BlackElo "2146"]
[PlyCount "81"]
[EventDate "2023.10.01"]
[EventType "team-swiss"]
[EventRounds "7"]
[EventCountry "ALB"]
[SourceTitle "EXT 2024"]
[Source "ChessBase"]
[SourceDate "2023.10.10"]
[SourceVersion "1"]
[SourceVersionDate "2023.10.10"]
[SourceQuality "1"]
[WhiteTeam "Crvena Zvezda (W)"]
[BlackTeam "Kumanovo (W)"]
[WhiteTeamCountry "SRB"]
[BlackTeamCountry "MKD"]

1. Nf3 d5 2. e3 Nf6 3. c4 c6 4. Nc3 Bf5 5. d4 e6 6. Nh4 Bg6 7. Be2 Nbd7 8. g3 Ne4 9. Nxg6 hxg6 10. Nxe4 dxe4 11. Qc2 f5 12. Bd2 Kf7 13. f3 Nf6 14. 0-0-0 b5 15. fxe4 Nxe4 16. Rdf1 Nxd2 17. Qxd2 Be7 18. Kb1 Bf6 19. Rc1 Rb8 20. cxb5 cxb5 21. Rc5 Be7 22. Rc2 Qd5 23. Qd1 Rbc8 24. Bf3 Qd7 25. Rxc8 Rxc8 26. Qb3 Rc4 27. Be2 Rb4 28. Qc2 Qd5 29. Rc1 e5 30. dxe5 Qxe5 31. a3 Re4 32. Qb3+ Kf6 33. Rc6+ Bd6 34. Bxb5 Kg5 35. h4+ Kf6 36. Qg8 Qe7 37. Qd5 Re6 38. Bc4 a5 39. g4 fxg4 40. Qg5+ Kf7 41. Qxg4 1-0

[Event "EU-ch (Women) 23rd"]
[Site "Petrovac"]
[Date "2023.03.23"]
[Round "6"]
[White "Mkrtchian, Lilit"]
[Black "Danielian, Elina"]
[Result "1/2-1/2"]
[WhiteElo "2379"]
[BlackElo "2431"]
[PlyCount "26"]
[EventDate "2023.03.18"]
[EventType "swiss"]
[EventRounds "11"]
[EventCountry "MNE"]
[SourceTitle "CBM 213 Extra"]
[Source "ChessBase"]
[SourceDate "2023.05.31"]
[SourceVersion "1"]
[SourceVersionDate "2023.05.31"]
[SourceQuality "1"]

1. Nf3 d5 2. g3 Nf6 3. Bg2 g6 4. 0-0 Bg7 5. d4 0-0 6. c4 c6 7. cxd5 cxd5 8. Qb3 Nc6 9. Nc3 Na5 10. Qa3 Nc4 11. Qb3 Na5 12. Qa3 Nc4 13. Qb3 Na5 1/2-1/2

[Event "Titled Tuesday intern op 31st Jan Early"]
[Site "Chess.com INT"]
[Date "2023.01.31"]
[Round "7"]
[White "Cueto, Jose"]
[Black "Mkrtchian, Lilit"]
[Result "0-1"]
[WhiteElo "2134"]
[BlackElo "2379"]
[PlyCount "66"]
[EventDate "2023.01.31"]
[EventType "swiss (blitz)"]
[EventRounds "11"]
[EventCountry "USA"]
[SourceTitle "CBM 212 Extra"]
[Source "ChessBase"]
[SourceDate "2023.03.31"]
[SourceVersion "1"]
[SourceVersionDate "2023.03.31"]
[SourceQuality "1"]

1. d4 Nf6 2. Bf4 c5 3. d5 g6 4. Nc3 Bg7 5. e4 d6 6. Bb5+ Nbd7 7. a4 a6 8. Be2 0-0 9. Nf3 Rb8 10. 0-0 b5 11. axb5 axb5 12. Nd2 b4 13. Nb5 Ne8 14. Qc1 Ne5 15. c4 Nc7 16. Nxc7 Qxc7 17. Nb3 f5 18. exf5 Bxf5 19. Bh6 e6 20. Bxg7 Qxg7 21. Qd2 exd5 22. Qxd5+ Nf7 23. Ra7 Qxb2 24. Bd1 Rbe8 25. Na5 Be6 26. Qc6 Qd4 27. Qc7 Bxc4 28. Nxc4 Qxc4 29. Ba4 Re2 30. Qb7 Qd4 31. Bc6 Re5 32. Bf3 c4 33. Rd1 Qxd1+ 0-1

[Event "Titled Tuesday intern op 31st Jan Early"]
[Site "Chess.com INT"]
[Date "2023.01.31"]
[Round "4"]
[White "Vaglio Munoz, Jaime"]
[Black "Mkrtchian, Lilit"]
[Result "1/2-1/2"]
[WhiteElo "2174"]
[BlackElo "2379"]
[PlyCount "141"]
[EventDate "2023.01.31"]
[EventType "swiss (blitz)"]
[EventRounds "11"]
[EventCountry "USA"]
[SourceTitle "CBM 212 Extra"]
[Source "ChessBase"]
[SourceDate "2023.03.31"]
[SourceVersion "1"]
[SourceVersionDate "2023.03.31"]
[SourceQuality "1"]

1. d4 Nf6 2. c4 e6 3. a3 d5 4. e3 b6 5. cxd5 exd5 6. Nf3 Bd6 7. Bb5+ c6 8. Bd3 Nbd7 9. Qc2 Bb7 10. b4 a5 11. bxa5 Rxa5 12. 0-0 0-0 13. Nbd2 c5 14. dxc5 bxc5 15. Bb2 c4 16. Bf5 Qc7 17. h3 Ne5 18. Nd4 g6 19. Bg4 Nexg4 20. hxg4 Nxg4 21. Bc3 Rxa3 22. Rxa3 Bxa3 23. N2f3 Bc5 24. Nf5 d4 25. exd4 Bxf3 26. Ng3 Bd6 27. gxf3 Bxg3 28. fxg4 Bf4 29. Qe4 Bh6 30. f4 Qd7 31. f5 Re8 32. Qf3 Be3+ 33. Kg2 g5 34. d5 Bf4 35. Qd1 Rd8 36. Qd4 Qxd5+ 37. Qxd5 Rxd5 38. Rf3 Rd3 39. Bf6 Rxf3 40. Kxf3 Kf8 41. Ke4 Ke8 42. Kd4 Kd7 43. Kxc4 Kd6 44. Kd4 Kc6 45. Ke4 Kd6 46. Kd4 Kc6 47. Ke4 Kc5 48. Be7+ Kc4 49. f6 Kc3 50. Kf5 Kd3 51. Bf8 Ke3 52. Bh6 Kf3 53. Bg7 Kg3 54. Bh6 Kh4 55. Bf8 h5 56. gxh5 Kxh5 57. Bc5 Bd2 58. Bf2 g4 59. Bg3 Bg5 60. Ke4 Bh4 61. Bf4 Bxf6 62. Kf5 Bh4 63. Ke4 g3 64. Kf3 Kg6 65. Be5 Kf5 66. Bd6 f6 67. Bc7 Kg5 68. Bd8 Kf5 69. Bc7 Ke6 70. Bd8 Kf5 71. Bc7 1/2-1/2

[Event "Wch Blitz (Women)"]
[Site "Almaty"]
[Date "2022.12.29"]
[Round "2"]
[White "Shukhman, Anna"]
[Black "Mkrtchian, Lilit"]
[Result "1-0"]
[WhiteElo "2061"]
[BlackElo "2316"]
[PlyCount "129"]
[EventDate "2022.12.29"]
[EventType "swiss (blitz)"]
[EventRounds "17"]
[EventCountry "KAZ"]
[SourceTitle "CBM 211 Extra"]
[Source "ChessBase"]
[SourceDate "2023.01.31"]
[SourceVersion "1"]
[SourceVersionDate "2023.01.31"]
[SourceQuality "1"]

1. e4 e6 2. d4 d5 3. Nc3 Nf6 4. e5 Nfd7 5. f4 c5 6. Nf3 Nc6 7. Be3 a6 8. Be2 b5 9. a3 Bb7 10. 0-0 cxd4 11. Nxd4 Bc5 12. Qd2 Qb6 13. Rad1 0-0 14. b4 Bxd4 15. Bxd4 Nxd4 16. Qxd4 Rac8 17. Rf3 Rc7 18. Bf1 Qxd4+ 19. Rxd4 Rfc8 20. Ne2 Rxc2 21. Rd1 Ra2 22. Nd4 g6 23. g4 Nb6 24. f5 Nc4 25. fxe6 fxe6 26. Nxe6 Nxe5 27. Rf4 d4 28. Nxd4 Rd8 29. Ne6 Re8 30. Nc7 Rc8 31. Nd5 Kg7 32. Rf2 Rxf2 33. Kxf2 Nxg4+ 34. Kg3 h5 35. h3 Nh6 36. Bg2 Nf5+ 37. Kf4 Rc2 38. Be4 Rf2+ 39. Ke5 Re2 40. Nc3 Re3 41. Rd3 Re1 42. Nd5 h4 43. Rc3 Bxd5 44. Kxd5 Ng3 45. Bf3 Rf1 46. Bg4 Rf6 47. Rc6 Rxc6 48. Kxc6 Ne4 49. Kb6 Nd6 50. Kxa6 Nc4 51. Kxb5 Nxa3+ 52. Kc5 Kf6 53. b5 Nxb5 54. Kxb5 g5 55. Kc5 Ke5 56. Kc4 Kf6 57. Kd4 Kg7 58. Ke5 Kf7 59. Kf5 Kg7 60. Ke6 Kg6 61. Ke7 Kg7 62. Bf5 Kh6 63. Kf6 Kh5 64. Bd3 Kh6 65. Bg6 1-0

[Event "Titled Tuesday intern op 13th Dec Early"]
[Site "Chess.com INT"]
[Date "2022.12.13"]
[Round "2"]
[White "Babazada, Khazar Araz"]
[Black "Mkrtchian, Lilit"]
[Result "1-0"]
[WhiteElo "2476"]
[BlackElo "2377"]
[PlyCount "73"]
[EventDate "2022.12.13"]
[EventType "swiss (blitz)"]
[EventRounds "11"]
[EventCountry "USA"]
[SourceTitle "EXT 2024"]
[Source "ChessBase"]
[SourceDate "2023.10.10"]
[SourceVersion "1"]
[SourceVersionDate "2023.10.10"]
[SourceQuality "1"]

1. Nf3 d5 2. g3 Nc6 3. d4 Bf5 4. Bg2 e6 5. 0-0 h6 6. c4 Nf6 7. Nc3 Be7 8. Bf4 0-0 9. Rc1 Ne4 10. cxd5 exd5 11. a3 Nxc3 12. Rxc3 Bd6 13. e3 Bxf4 14. gxf4 Ne7 15. Qb3 Rb8 16. Qa4 a6 17. Qa5 c6 18. Qxd8 Rfxd8 19. Nd2 Nc8 20. Rfc1 Nd6 21. a4 g5 22. fxg5 hxg5 23. b4 f6 24. Bf1 Bd7 25. Nb3 Kf7 26. Nc5 Be8 27. Bh3 Ke7 28. f3 Bf7 29. e4 dxe4 30. fxe4 Rh8 31. e5 fxe5 32. Re1 Nc4 33. dxe5 Bd5 34. Bg2 b6 35. Nxa6 Ra8 36. Nc7 Rxa4 37. Bxd5 1-0

[Event "Titled Tuesday intern op 13th Dec Early"]
[Site "Chess.com INT"]
[Date "2022.12.13"]
[Round "10"]
[White "Kostiukov, Alexandr"]
[Black "Mkrtchian, Lilit"]
[Result "0-1"]
[WhiteElo "2271"]
[BlackElo "2377"]
[PlyCount "110"]
[EventDate "2022.12.13"]
[EventType "swiss (blitz)"]
[EventRounds "11"]
[EventCountry "USA"]
[SourceTitle "EXT 2024"]
[Source "ChessBase"]
[SourceDate "2023.10.10"]
[SourceVersion "1"]
[SourceVersionDate "2023.10.10"]
[SourceQuality "1"]

1. g3 e5 2. c4 Nf6 3. Bg2 c6 4. Nf3 e4 5. Nd4 Qb6 6. Nc2 d5 7. cxd5 cxd5 8. 0-0 Be7 9. d3 0-0 10. Nc3 Rd8 11. Rb1 Nc6 12. Bf4 Bf5 13. d4 h6 14. h3 Rac8 15. g4 Be6 16. e3 Na5 17. f3 exf3 18. Qxf3 Nc4 19. Qe2 Qa5 20. b4 Qa6 21. Rfc1 Nd6 22. Qxa6 bxa6 23. Na4 Nde4 24. Nc5 Nc3 25. Bf1 Nxb1 26. Rxb1 a5 27. Ba6 Rc6 28. b5 Rxc5 29. dxc5 Bxc5 30. Nd4 h5 31. g5 Ne4 32. h4 Nc3 33. Rb3 Bxd4 34. exd4 Ne2+ 35. Kf2 Nxf4 36. Ra3 Bc8 37. Rxa5 Bxa6 38. Rxa6 Rd7 39. a4 Ne6 40. Ke3 Kf8 41. a5 Ke7 42. b6 axb6 43. axb6 Rb7 44. Ra7 Nd8 45. Kf4 Kd7 46. g6 fxg6 47. Kg5 Kc6 48. Rxb7 Kxb7 49. Kxg6 Ne6 50. Kf5 Nxd4+ 51. Ke5 Nf3+ 52. Kxd5 Nxh4 53. Ke5 Ng6+ 54. Kf5 h4 55. Kg4 Kxb6 0-1

[Event "Titled Tuesday intern op 13th Dec Early"]
[Site "Chess.com INT"]
[Date "2022.12.13"]
[Round "9"]
[White "Mkrtchian, Lilit"]
[Black "Begunov, Konstantin"]
[Result "1/2-1/2"]
[WhiteElo "2377"]
[BlackElo "2276"]
[PlyCount "81"]
[EventDate "2022.12.13"]
[EventType "swiss (blitz)"]
[EventRounds "11"]
[EventCountry "USA"]
[SourceTitle "EXT 2024"]
[Source "ChessBase"]
[SourceDate "2023.10.10"]
[SourceVersion "1"]
[SourceVersionDate "2023.10.10"]
[SourceQuality "1"]

1. Nf3 d5 2. g3 c6 3. Bg2 Bg4 4. 0-0 Nd7 5. h3 Bh5 6. d4 e6 7. c4 Bd6 8. cxd5 exd5 9. Nh4 Qf6 10. Qb3 0-0-0 11. Nc3 Qxd4 12. Be3 Qb4 13. Qc2 d4 14. Nd5 Qc5 15. Qa4 dxe3 16. Rac1 exf2+ 17. Kh1 Bxe2 18. Rxc5 Nxc5 19. Qxa7 Bxf1 20. Nb6+ Kc7 21. Bxf1 Ne7 22. Qa5 Kb8 23. Qa8+ Kc7 24. Qa5 Bxg3 25. Nd5+ Kd6 26. Nxe7 Bxh4 27. Nf5+ Kd7 28. Qxc5 Bf6 29. Qb6 Kc8 30. Kg2 g6 31. Ne3 Rhe8 32. Nc4 Rd1 33. Qa5 Kb8 34. Kxf2 Bd4+ 35. Kg2 h5 36. Qg5 Ree1 37. Qd8+ Ka7 38. Qa5+ Kb8 39. Qd8+ Ka7 40. Qa5+ Kb8 41. Qd8+ 1/2-1/2